| 000 | 00857cam a2200229 4500 | ||
|---|---|---|---|
| 001 | WB3601-48 | ||
| 008 | 000000n2000 000 0 eng u | ||
| 035 | _a(Sirsi) u103430 | ||
| 245 | _aNorth's sink estates are 'beyond saving' | ||
| 260 | _c2000 | ||
| 490 |
_aGuardian _v6 January 2000, 5(1) |
||
| 520 | _aA report by Sheffield Hallam University concludes that many rundown housing estates in northern England should be considered beyond redemption and demolished. It found low demand for over 10% of public housing stock in the region, and warns that the problem has increased in the last three years. | ||
| 590 | _aWB | ||
| 650 | _aNORTHERN ENGLAND | ||
| 650 | _aSOCIAL HOUSING | ||
| 650 | _aHOUSING ESTATES | ||
| 650 | _aHOUSING ASSOCIATIONS | ||
| 650 | _aHOUSING DEMAND | ||
| 650 | _aLOW DEMAND | ||
| 690 | _aREGENERATION | ||
| 942 | _n0 | ||
| 999 |
_c62144 _d62144 |
||